Normal view MARC view
  • Escape from russia in chains

Entry Topical Term

Number of records used in: 1

001 - CONTROL NUMBER

  • control field: 107834

003 - CONTROL NUMBER IDENTIFIER

  • control field: NUST

005 - DATE AND TIME OF LATEST TRANSACTION

  • control field: 20230126190917.0

008 - FIXED-LENGTH DATA ELEMENTS

  • fixed length control field: 230126|| aca||aabn | a|a d

040 ## - CATALOGING SOURCE

  • Original cataloging agency: NUST
  • Transcribing agency: NUST

150 ## - HEADING--TOPICAL TERM

  • Topical term or geographic name entry element: Escape from russia in chains

670 ## - SOURCE DATA FOUND

  • Source citation: Work cat.: (NUST)186196: Solonevich, Ivan 107833, Escape from Russia in chains /, 1938
© 2023 Central Library, National University of Sciences and Technology. All Rights Reserved.